00742cam a22002297a 4500003000500000005001700005008004100022010001000063011001000073020001500083035001000098040000900108082001600117100002000133245013800153260010100291300003000392650002900422650002000451700001900471700002200490CHAP20220329141913.0980513d1995 in a r 00110 eng d a75516 a76488 a9290663189 a86073 cCHAP04a633.368bB800aBuiel, A. A. M.10aRecent studies on peanut bud necrosis disease :bproceedings of a meetingc/ed. by A .A. M. Buiel, J. E. Parlevliet and J. M. Lenné aAndhra Pradesh, India :bInternational Crops Research Institute for the SemiArid Tropics,c1995. a76 p. :bilus. ; gráfs.14aCacahuatexEnfermedades.14aTisanópteros.0 aLenné, J. M.0 aParlevliet, J. E.